Central Library OPAC University of Rajshahi
Normal view MARC view

Entry Geographic Name

Number of records used in: 2

001 - CONTROL NUMBER

  • control field: 1049

003 - CONTROL NUMBER IDENTIFIER

  • control field: BD-RjUL

005 - DATE AND TIME OF LATEST TRANSACTION

  • control field: 20220201111246.0

008 - FIXED-LENGTH DATA ELEMENTS

  • fixed length control field: 220201|| aca||aabn | a|a d

040 ## - CATALOGING SOURCE

  • Original cataloging agency: BD-RjUL
  • Transcribing agency: BD-RjUL

151 ## - HEADING--GEOGRAPHIC NAME

  • Geographic name: Palestine
  • General subdivision: History
  • Chronological subdivision: Partition, 1947

670 ## - SOURCE DATA FOUND

  • Source citation: Work cat.: (BD-RjUL)79301: باشا، محمد رفعت،;; Pasha, Muhammad Refaat, 1048, قضية فلسطين ،;; Qaḍīyat Filasṭīn / , [1947]